ბათუმის შოთა რუსთაველის სახელმწიფო უნივერსიტეტის ბიბლიოთეკა

საბიუჯეტო ურთიერთობათა სრულყოფის საკითხები ცენტრსა და რეგიონს შორის გარდამავალ პერიოდში(აჭარის ავტონომიური რესპუბლიკის მაგალითზე) : (ბიბ.ჩანაწერი № 46204)

000 -ლიდერი
ფიქსირებული სიგრძის საკონტროლო ველი 01306nam a2200217Ia 4500
001 - საკონტროლო ნომერი
საკონტროლო ველი 13037
003 - საკონტროლო ნომრის იდენტიფიკატორი
საკონტროლო ველი GE_BSU
005 - ბოლო ოპერაციის თარიღი და დრო
საკონტროლო ველი 20240711121638.0
008 - ფიქსირებული სიგრძის მონაცემთა ელემენტები - ზოგადი ინფორმაცია
ფიქსირებული სიგრძის საკონტროლო ველი 181216s2014||||ge |||||||||||||| ||geo||
040 ## - კატალოგიზაციის წყარო
Transcribing agency GE_BSU
041 ## - ენის კოდი
Language code of text/sound track or separate title geo
080 ## - უნივერსალური ათობითი კლასიფიკაციის ინდექსი
Universal Decimal Classification number 336.14(479):353(479.223) ძ-71
100 ## - მთავარი ჩანაწერი - პიროვნების სახელი
Personal name ძნელაძე, ლედი
9 (RLIN) 22804
245 ## - ცნობა სათაურის შესახებ
Title საბიუჯეტო ურთიერთობათა სრულყოფის საკითხები ცენტრსა და რეგიონს შორის გარდამავალ პერიოდში(აჭარის ავტონომიური რესპუბლიკის მაგალითზე) :
Remainder of title მონოგრაფია /
Statement of responsibility, etc ლედი ძნელაძე.
264 ## - წარმოების, გამოცემის, დისტრიბუციის და სხვა ცნობები
გამოცემის, წარმოების, დისტრიბუციის... ადგილი ბათუმი :
გამოცემის, წარმოების, დისტრიბუციის... სახელწოდება შპს ”ოფსეტი”,
გამოცემის, წარმოების, დისტრიბუციის... თარიღი 2011.
300 ## - ფიზიკური აღწერა
Extent 129 გვ. ;
Dimensions 20 სმ.
520 ## - SUMMARY, ETC.
Summary, etc რეზიუმე ინგლისურ ენაზე
653 ## - INDEX TERM--UNCONTROLLED
Uncontrolled term საბიუჯეტო ურთიერთობათა სრულყოფის საკითხები ცენტრსა და რეგიონს შორის გარდამავალ პერიოდში
653 ## - INDEX TERM--UNCONTROLLED
Uncontrolled term მონოგრაფია
942 ## - ADDED ENTRY ELEMENTS (KOHA)
Koha item type წიგნი
Source of classification or shelving scheme
ეგზემპლარები
ჩამოწერის სტატუსი დაკარგული ეგზემპლარის სტატუსი კლასიფიკაციის წყარო ან თაროზე გაწყობის სქემა დაზიანების სტატუსი არ გაიცემა მუდმივი მდებარეობა (დაცვის ადგილი) ამჟამინდელი ადგილსამყოფელი თაროზე განთავსების ადგილი შეძენის თარიღი სრული შენახვის შიფრი შტრიხკოდი ბოლო ოპერაციის თარიღი ეგზემპლარის მიმდევრობითი ნომერი (კეტერი?) ფასის ძალაში შესვლის თარიღი ეგზემპლარის სახეობა
          ბათუმის შოთა რუსთაველის სახელმწიფო უნივერსიტეტის მთავარი ბიბლიოთეკა ბათუმის შოთა რუსთაველის სახელმწიფო უნივერსიტეტის მთავარი ბიბლიოთეკა წიგნსაცავი 2018-12-17 336.14(479):353(479.223) ძ-71 27129 2018-12-17 27129 2018-12-17 წიგნი
          ბათუმის შოთა რუსთაველის სახელმწიფო უნივერსიტეტის მთავარი ბიბლიოთეკა ბათუმის შოთა რუსთაველის სახელმწიფო უნივერსიტეტის მთავარი ბიბლიოთეკა წიგნსაცავი 2018-12-17 336.14(479):353(479.223) ძ-71 27130 2018-12-17 27130 2018-12-17 წიგნი
          ბათუმის შოთა რუსთაველის სახელმწიფო უნივერსიტეტის მთავარი ბიბლიოთეკა ბათუმის შოთა რუსთაველის სახელმწიფო უნივერსიტეტის მთავარი ბიბლიოთეკა წიგნსაცავი 2018-12-17 336.14(479):353(479.223) ძ-71 27131 2018-12-17 27131 2018-12-17 წიგნი
          ბათუმის შოთა რუსთაველის სახელმწიფო უნივერსიტეტის მთავარი ბიბლიოთეკა ბათუმის შოთა რუსთაველის სახელმწიფო უნივერსიტეტის მთავარი ბიბლიოთეკა წიგნსაცავი 2018-12-17 336.14(479):353(479.223) ძ-71 27132 2018-12-17 27132 2018-12-17 წიგნი